000 00440nam a2200169 4500
001 122787
003 ES-MaACL
005 20230906192037.0
007 t|
008 070214s1973 sp r ||||1| cat d
100 1 _aPujades, Pius.
_994320
245 1 4 _aEls barrets de presencia /
_cPius Pujades.
250 _a1ยช. ed.
260 _aBarcelona :
_bPortic,
_c1973.
300 _a245 p. ;
_c18 cm.
852 _aES-MaACL
_jC-52905
_bR.86211
999 _c122787
_d122787